<?xml version="1.0" encoding="UTF-8"?>
<collection xmlns="http://www.loc.gov/MARC21/slim">
 <record>
  <leader>     na                 </leader>
  <controlfield tag="001">INLIS000000000023847</controlfield>
  <controlfield tag="005">20260422031525</controlfield>
  <datafield tag="035" ind1=" " ind2=" ">
   <subfield code="a">0010-0426000044</subfield>
  </datafield>
  <controlfield tag="007">ta</controlfield>
  <controlfield tag="008">260422                g          0 ind  </controlfield>
  <datafield tag="020" ind1=" " ind2=" ">
   <subfield code="a">9786235060231</subfield>
  </datafield>
  <datafield tag="082" ind1=" " ind2=" ">
   <subfield code="a">371.102</subfield>
  </datafield>
  <datafield tag="084" ind1=" " ind2=" ">
   <subfield code="a">371.102 PRI p</subfield>
  </datafield>
  <datafield tag="100" ind1="0" ind2=" ">
   <subfield code="a">Prihantini</subfield>
   <subfield code="e">Pengarang</subfield>
  </datafield>
  <datafield tag="245" ind1="1" ind2=" ">
   <subfield code="a">Pengelolaan Kelas</subfield>
  </datafield>
  <datafield tag="250" ind1=" " ind2=" ">
   <subfield code="a">Cetakan 1</subfield>
  </datafield>
  <datafield tag="300" ind1=" " ind2=" ">
   <subfield code="a">xi + 182 halaman :</subfield>
   <subfield code="b">Ilustrasi ;</subfield>
   <subfield code="c">23 cm</subfield>
  </datafield>
  <datafield tag="650" ind1=" " ind2="4">
   <subfield code="a">Pendidikan</subfield>
  </datafield>
  <datafield tag="700" ind1="0" ind2=" ">
   <subfield code="a">Tin Rustini</subfield>
   <subfield code="e">Pengarang</subfield>
  </datafield>
  <datafield tag="502" ind1=" " ind2=" ">
   <subfield code="a">Indeks 169-174 halaman</subfield>
  </datafield>
  <datafield tag="504" ind1=" " ind2=" ">
   <subfield code="a">Bibliografi 175-180 halaman</subfield>
  </datafield>
  <datafield tag="505" ind1=" " ind2=" ">
   <subfield code="a">1. Urgensi Pengelolaan Kelas dalam Efektivitas Pembelajaran&#13;
2. Konsep Dasar Pengelolaan Kelas&#13;
3. Pendekatan dan Strategi Pengelolaan Kelas&#13;
4. Komponen Keterampilan Guru dalam Pengelolaan Kelas&#13;
5. Tata Kelola Ruang Kelas&#13;
6. Organisasi Tempat Duduk&#13;
7. Kebutuhan Dasar Psikologis Peserta Didik&#13;
8. Pengelolaan Disiplin Kelas&#13;
9. Menciptakan Iklim Kelas yang Menyenangkan&#13;
10. Prosedur, Perencanaan, dan Evaluasi Pengelolaan Kelas&#13;
11. Pengelolaan Kelas dengan Penerapan Moving Class&#13;
12. Pengelolaan Kelas dalam Pembelajaran Jarak Jauh dan Belajar dari Rumah (PJJ dan BDR)&#13;
13. Pengelolaan Kelas dalam Pembelajaran di Luar Kelas&#13;
14. Pengelolaan Kelas dalam Setting Flipped Classroom</subfield>
  </datafield>
  <datafield tag="520" ind1=" " ind2=" ">
   <subfield code="a">Buku Pengelolaan Kelas merupakan buku pemandu bagi mahasiswa calon pendidik dan praktisi untuk menciptakan kondisi kelas yang harmonis dan proses pembelajaran yang kondusif. Dengan pendekatan praktis dan lugas, buku ini memberikan kajian dari mulai memberikan konsep dasar seperti urgensi, hakikat, dan fungsi pengelolaan kelas. Kemudian dilanjutkan dengan penokohan, seperti peran dan tugas guru serta komponen keterampilan pengelolaan kelas. Lalu berlanjut pada pendekatan dan strategi pengelolaan kelas. Dimensi psikis dalam pengelolaan dibahas dalam bentuk pengelolaan disiplin kelas dan menciptakan iklim kelas, Sementara dimensi material/fisik melingkup tata ruang dan organisasi tempat duduk. Buku ini juga memberikan konteks pengelolaan situasional, seperti pengelolaan dengan moving class, pembelajaran di luar kelas, hingga pengelolaan jarak jauh dan belajar dari rumah (PJJ dan BDR). Tidak hanya mengikuti tren modern, buku ini juga bersifat general, sehingga dapat digunakan oleh seluruh akademisi, mahasiswa, dan praktisi dalam rumpun ilmu pendidikan.</subfield>
  </datafield>
  <datafield tag="264" ind1=" " ind2=" ">
   <subfield code="a">Jakarta Timur :</subfield>
   <subfield code="b">Bumi Aksara,</subfield>
   <subfield code="c">2024</subfield>
  </datafield>
  <datafield tag="336" ind1=" " ind2=" ">
   <subfield code="2">rdacontent</subfield>
   <subfield code="a">Teks</subfield>
  </datafield>
  <datafield tag="337" ind1=" " ind2=" ">
   <subfield code="2">rdamedia</subfield>
   <subfield code="a">Tanpa Perantara</subfield>
  </datafield>
  <datafield tag="338" ind1=" " ind2=" ">
   <subfield code="2">rdacarrier</subfield>
   <subfield code="a">Lembar</subfield>
  </datafield>
  <datafield tag="990" ind1=" " ind2=" ">
   <subfield code="a">078226</subfield>
  </datafield>
  <datafield tag="990" ind1=" " ind2=" ">
   <subfield code="a">078227</subfield>
  </datafield>
  <datafield tag="990" ind1=" " ind2=" ">
   <subfield code="a">078228</subfield>
  </datafield>
 </record>
</collection>
